Manufactured Housing Institute (Record no. 120200)

MARC details
000 -LEADER
fixed length control field 01111cam a2200241 4500
001 - CONTROL NUMBER
control field WS120415
008 - FIXED-LENGTH DATA ELEMENTS--GENERAL INFORMATION
fixed length control field 021111n 000 0 eng u
035 ## - SYSTEM CONTROL NUMBER
System control number (Sirsi) u120415
110 ## - MAIN ENTRY--CORPORATE NAME
Corporate name or jurisdiction name as entry element Manufactured Housing Institute
9 (RLIN) 4370
245 ## - TITLE STATEMENT
Title Manufactured Housing Institute
520 ## - SUMMARY, ETC.
Summary, etc. Web site for this American trade organisation representing all segments of the factory-built housing industry. Includes their professional standards of practice, pages on the history of manufactured housing, details of how to buy a manufactured home, the HUD Code laying down quality standards, a directory of members and technical resources including a wind zone map, roof load map and thermal zone map.
650 ## - SUBJECT ADDED ENTRY--TOPICAL TERM
Topical term or geographic name entry element UNITED STATES
650 ## - SUBJECT ADDED ENTRY--TOPICAL TERM
Topical term or geographic name entry element INTERNATIONAL
650 ## - SUBJECT ADDED ENTRY--TOPICAL TERM
Topical term or geographic name entry element MANUFACTURED HOUSING
650 ## - SUBJECT ADDED ENTRY--TOPICAL TERM
Topical term or geographic name entry element SYSTEM BUILT HOUSING
650 ## - SUBJECT ADDED ENTRY--TOPICAL TERM
Topical term or geographic name entry element PROFESSIONAL STANDARDS
650 ## - SUBJECT ADDED ENTRY--TOPICAL TERM
Topical term or geographic name entry element WEATHER
650 ## - SUBJECT ADDED ENTRY--TOPICAL TERM
Topical term or geographic name entry element HUD CODE
650 ## - SUBJECT ADDED ENTRY--TOPICAL TERM
Topical term or geographic name entry element PREFABRICATED HOUSING
690 ## - LOCAL SUBJECT ADDED ENTRY--TOPICAL TERM (OCLC, RLIN)
Topical term or geographic name as entry element BUILT ENVIRONMENT
856 40 - ELECTRONIC LOCATION AND ACCESS
Uniform Resource Identifier <a href="https://www.manufacturedhousing.org">https://www.manufacturedhousing.org</a>
Public note View the website free of charge at www.manufacturedhousing.org...
942 ## - ADDED ENTRY ELEMENTS (KOHA)
Suppress in OPAC 0
Holdings
Withdrawn status Lost status Source of classification or shelving scheme Damaged status Not for loan Home library Current library Shelving location Date acquired Total Checkouts Full call number Barcode Date last seen Copy number Price effective from Koha item type
    Dewey Decimal Classification     Virtual Virtual Online 11/11/2002   WEB SITE 120415-2001 06/08/2019 1 06/08/2019 Online material